Traduction français anglais - Statistiques

Statistiques générales
  • Ce quiz a été pris 547 fois
  • Le résultat moyen est 14 sur 15
Statistiques - réponses
Mots francais Mots anglais % Correct
un a
100%
je i
100%
et and
99%
anglais English
99%
francais French
99%
suis am
98%
Bonjour Hello
98%
Cochon Pig
97%
mort dead
96%
aurevoir goodbye
95%
Film Movie
90%
enfant kid
83%
Aimez Like
81%
commentez comment
80%
Citrouille Pumpkin
71%
Aucun quiz correspondant
Distribution des résultats
% des personnes avec chaque résultat
Percentile par nombre de réponses
Votre historique - résultats
Vous n’avez pas pris ce quiz